[Event "ch-POLJ u20"]
[Site "Jarnoltowek POL"]
[Date "2003.04.11"]
[Round "7"]
[White "Zawadzki,S"]
[Black "Banasik,K"]
[Result "1-0"]
[WhiteElo "2403"]
[BlackElo "2128"]

1.e4 d6 2.d4 Nf6 3.Nc3 e5 4.Nf3 exd4 5.Nxd4 Be7 6.Be2 Nc6 7.O-O O-O 8.f4 Nxd4
9.Qxd4 b6 10.Kh1 Bb7 11.Bf3 Nd7 12.Be3 Bf6 13.Qd2 Rb8 14.Bd4 Re8 15.Rfe1 Ba8
16.Rad1 Bxd4 17.Qxd4 Nc5 18.Nd5 Bxd5 19.exd5 a5 20.b3 Qd7 21.c3 Rxe1+ 22.Rxe1 Re8
23.Re3 Kf8 24.b4 axb4 25.cxb4 Na6 26.a3 Rxe3 27.Qxe3 Qe7 28.Qc3 h6 29.g3 Qe8
30.Kg2 Qd8 31.Qd3 Nb8 32.Qh7 Ke7 33.Qxg7 Qf8 34.Qxf8+ Kxf8 35.Kf2 Ke7 36.Ke3 Kd7
37.Bg4+ Ke7 38.Ke4 c5 39.dxc6 Nxc6 40.Kd5 Na7 41.a4  1-0

[Event "Seniorsko"]
[Site "Nisa YUG"]
[Date "2003.04.12"]
[Round "4"]
[White "Maksimovic,B"]
[Black "Radosavljevic,No"]
[Result "1-0"]
[WhiteElo "2387"]
[BlackElo "2054"]

1.d4 d6 2.e4 Nf6 3.Nc3 c6 4.f4 Qa5 5.Bd3 e5 6.Nf3 Bg4 7.Be3 Nbd7 8.O-O Be7
9.h3 Bxf3 10.Qxf3 O-O 11.Ne2 Rfe8 12.c3 b5 13.g4 Rf8 14.Ng3 Qc7 15.Nf5 Nb6
16.fxe5 dxe5 17.Bg5 Rad8 18.Nxg7 Kxg7 19.Bxf6+ Bxf6 20.Qxf6+ Kg8 21.Rf5  1-0

[Event "TCh-CZE 2002-3"]
[Site "Czech Rep CZE"]
[Date "2003.04.13"]
[Round "11"]
[White "Velicka,P"]
[Black "Pribyl,Jo"]
[Result "1/2-1/2"]
[WhiteElo "2426"]
[BlackElo "2403"]

1.e4 d6 2.d4 Nf6 3.Nc3 e5 4.Nf3 Nbd7 5.Bc4 Be7 6.O-O O-O 7.Re1 c6 8.a4 b6
9.d5 Bb7 10.dxc6 Bxc6 11.Nd5 Nxd5 12.Bxd5 Qc7 13.c4 h6 14.b3 Qb7 15.Bxc6 Qxc6
16.Nd2 Nc5  1/2-1/2

[Event "6th St Quentin Open"]
[Site "Elancourt FRA"]
[Date "2003.04.15"]
[Round "5"]
[White "Gerard,N"]
[Black "Etrog,J"]
[Result "1-0"]
[WhiteElo "2243"]
[BlackElo "2082"]

1.d4 d6 2.e4 Nf6 3.Nc3 c6 4.Bd3 e5 5.Nge2 Be7 6.O-O O-O 7.Kh1 exd4 8.Nxd4 Nbd7
9.Nf5 Ne5 10.Nxe7+ Qxe7 11.Bg5 h6 12.Bh4 Ng6 13.Bg3 h5 14.h3 h4 15.Bh2 Rd8
16.f4 b5 17.e5 dxe5 18.fxe5 Nd5 19.Qh5 Nf8 20.Ne4 Be6 21.Bg1 Qd7 22.Ng5 g6
23.Qh6 Qe7 24.Ne4 Nd7 25.Ng5 Nf8 26.Rae1 Rac8 27.Re4 f5 28.exf6 Nxf6 29.Rxe6 Nxe6
30.Nxe6 Rxd3 31.Qxg6+ Kh8 32.cxd3  1-0

[Event "IM"]
[Site "Deizisau GER"]
[Date "2003.04.17"]
[Round "9"]
[White "Zaragatski,I"]
[Black "Papa,S"]
[Result "1/2-1/2"]
[WhiteElo "2336"]
[BlackElo "2366"]

1.e4 d6 2.d4 Nf6 3.Nc3 e5 4.Nf3 Nbd7 5.Bc4 Be7 6.O-O O-O 7.Re1 c6 8.a4 a5
9.b3 exd4 10.Nxd4 Nb6 11.Bd3 d5 12.e5 Ne8 13.Bb2 g6 14.Kh1 Ng7 15.f4 Bc5
16.Nce2 Bg4 17.Qd2 Nc8 18.Ng3 Ne7 19.e6 Qb6 20.exf7+ Rxf7 21.Be2 Bd7 22.Nf3 Be3
23.Qc3 Bxf4 24.Ne5 Bxe5 25.Qxe5 Nef5 26.Nxf5 Bxf5 27.Bd4 Qb4 28.Bc3 Qf8 29.Bd3 Bxd3
30.cxd3 Re8 31.Qg3 Nf5 32.Qh3 d4 33.Bxa5 Rxe1+ 34.Rxe1 Ne3 35.Qe6 Kg7 36.Rg1 Nd1
37.Qe5+ Kg8 38.h3 Nf2+ 39.Kh2 c5 40.Qe2 Qb8+ 41.g3 Qc8 42.g4 Qb8+ 43.Kg2 Qa8
44.Be1 b6+ 45.Kg3 Qb8+ 46.Kg2 Qb7+ 47.Kg3 Qc7+ 48.Kg2 Qc6+ 49.Kg3 Qc7+ 50.Kg2 Qc6+  1/2-1/2

[Event "XXXIV Open"]
[Site "Mar del Plata ARG"]
[Date "2003.04.18"]
[Round "8"]
[White "Cubas,Jo"]
[Black "Cordero,A"]
[Result "1-0"]
[WhiteElo "2424"]
[BlackElo "2323"]

1.e4 d6 2.d4 Nf6 3.Nc3 Nbd7 4.f4 c5 5.Nf3 cxd4 6.Qxd4 e6 7.e5 dxe5 8.fxe5 Bc5
9.Qa4 Nd5 10.Nxd5 exd5 11.Bg5 Be7 12.Bxe7 Qxe7 13.O-O-O O-O 14.Qf4 Nb6 15.Bd3 Be6
16.Rhf1 Nd7 17.Kb1 Rfd8 18.Nd4 Nf8 19.Rf3 Ng6 20.Bxg6 fxg6 21.Rdf1 Kh8 22.Nxe6 Qxe6
23.Qf7 Qxf7 24.Rxf7 Kg8 25.Rxb7 Rf8 26.Rxf8+ Rxf8 27.a4 a5 28.Ra7 Rf2 29.e6 Kf8
30.Rf7+ Rxf7 31.exf7 Kxf7 32.b4  1-0

[Event "41st Doeberl Cup"]
[Site "Canberra AUS"]
[Date "2003.04.19"]
[Round "3"]
[White "Smerdon,D"]
[Black "Agulto,E"]
[Result "0-1"]
[WhiteElo "2433"]
[BlackElo "2202"]

1.e4 d6 2.d4 Nf6 3.Nc3 c6 4.Be3 b5 5.Bd3 g6 6.Qd2 Bg7 7.Bh6 Bxh6 8.Qxh6 e5
9.Nf3 Qe7 10.O-O-O a6 11.h3 Nbd7 12.Rd2 Bb7 13.Rhd1 O-O-O 14.Qe3 Rhe8 15.dxe5 dxe5
16.a4 Qc5 17.Qxc5 Nxc5 18.b4 Nxa4 19.Nxa4 bxa4 20.Kb2 Kc7 21.Ka3 Kb6 22.Kxa4 c5
23.Ng5 Bc6+ 24.Kb3 Re7 25.Bxa6 Rxd2 26.Rxd2 h6 27.b5 hxg5 28.Rd6 Re6 29.Rxc6+ Rxc6
30.bxc6 Kxa6 31.Kc4 Kb6 32.c7 Kxc7 33.Kxc5 Kd7 34.f3 Ne8 35.c4 Nc7 36.g3 Ne6+
37.Kb6 Kd6 38.Kb5 Kc7 39.c5 Nd8 40.h4 gxh4 41.gxh4 Ne6 42.c6 f6  0-1

[Event "41st Doeberl Cup"]
[Site "Canberra AUS"]
[Date "2003.04.20"]
[Round "5"]
[White "Rogers,I"]
[Black "Johansen,D"]
[Result "1/2-1/2"]
[WhiteElo "2553"]
[BlackElo "2503"]

1.e4 d6 2.d4 Nf6 3.Nc3 e5 4.Nf3 exd4 5.Nxd4 Be7 6.Be2 O-O 7.g4 d5 8.e5 Ne4
9.Nxe4 dxe4 10.Nf5 Qxd1+ 11.Bxd1 Bc5 12.c3 Re8 13.b4 Bf8 14.Bf4 Nd7 15.e6 fxe6
16.Bb3 a5 17.Nd4 Nb6 18.Nb5 a4 19.Bc2 e5 20.Bd2 Re7 21.Bxe4 c6 22.Nd6 Bxg4
23.Rg1 Be6 24.Bf5 Bxf5 25.Nxf5 Rd7 26.Ng3 Kf7 27.Ne4 h6 28.Ke2 Nd5 29.Rg3 Rad8
30.Be3 Nf6 31.f3 Nd5  1/2-1/2

[Event "Foxwoods Open"]
[Site "Connecticut USA"]
[Date "2003.04.20"]
[Round "7"]
[White "Kaidanov,G"]
[Black "Zaitshik,G"]
[Result "1-0"]
[WhiteElo "2640"]
[BlackElo "2488"]

1.d4 d6 2.e4 Nf6 3.Nc3 c6 4.f4 Qb6 5.e5 Nd5 6.Nxd5 cxd5 7.Bd3 g6 8.c3 Bg7
9.Qf3 Be6 10.Ne2 Nd7 11.Qg3 Bf8 12.O-O Bf5 13.Bxf5 gxf5 14.b3 Rc8 15.Kh1 Qa6
16.Re1 h5 17.Bb2 h4 18.Qf3 e6 19.Ng1 Be7 20.Nh3 Rg8 21.Re3 Nf8 22.a4 dxe5
23.fxe5 Ng6 24.Rc1 Bf8 25.Re2 Bh6 26.Rcc2 Kf8 27.Bc1 Bxc1 28.Rxc1 Qb6 29.Rb2 Rc6
30.Qe3 Kg7 31.Qg5 Qd8 32.Qd2 Qe7 33.Nf2 Rgc8 34.Nd3 a5 35.h3 b6 36.Rbc2 Qa3
37.Rb1 Qe7 38.Rbc1 Qa3 39.Rb1 Qe7 40.Rcc1 Qc7 41.b4 Rxc3 42.bxa5 bxa5 43.Nc5 Rxc1+
44.Rxc1 Qd8 45.Rb1 Rb8 46.Rb5 f4 47.Qb2 Rc8 48.Rb7 Kg8 49.Rd7 Qg5 50.Qb7 Rf8
51.Qb3 Ne7 52.Qd3 Nf5 53.Rb7 Kh8 54.Rb2 Rg8 55.Nd7 Rc8 56.Rc2 Rxc2 57.Qxc2 Ne3
58.Qc8+ Qg8 59.Qxg8+ Kxg8 60.Nc5 Kg7 61.Kg1 Kg6 62.Kf2 Kf5 63.Kf3 Nc4 64.Nb7 Kg5
65.Nd6 f6 66.Nxc4 dxc4 67.exf6 Kxf6 68.Kxf4 c3 69.Ke3 Kf5 70.Kd3 Kf4 71.Kxc3 Kg3
72.Kc4 Kxg2 73.Kc5 Kxh3 74.Kd6 Kg4 75.Kxe6 h3 76.d5 h2 77.d6 h1=Q 78.d7  1-0

[Event "11th Open"]
[Site "Tarbes FRA"]
[Date "2003.04.20"]
[Round "5"]
[White "Lemoine,B"]
[Black "Jossien,A"]
[Result "0-1"]
[WhiteElo "2134"]
[BlackElo "2340"]

1.e4 d6 2.d4 Nf6 3.Nc3 c6 4.a4 e5 5.dxe5 dxe5 6.Qxd8+ Kxd8 7.Nf3 Bd6 8.Bc4 Be6
9.Bxe6 fxe6 10.Be3 Nbd7 11.Ke2 h6 12.h3 Kc7 13.Rab1 a5 14.Nd2 Bb4 15.f3 Nh5
16.Rhd1 Nf4+ 17.Kf2 g5 18.Nc4 Ng6 19.Rd3 Nc5 20.Rdd1 Nd7 21.Kg3 Rhf8 22.Rd2 Rf7
23.Rbd1 Ngf8 24.Kg4 Nf6+ 25.Kg3 N8d7 26.Rh1 Rg8 27.Kf2 Bxc3 28.bxc3 Nxe4+
29.Ke1 Nxd2 30.Kxd2 h5 31.Rb1 g4 32.hxg4 hxg4 33.Nxa5 b6 34.Nc4 c5 35.a5 bxa5
36.Nxa5 gxf3 37.Rb7+ Kc8 38.gxf3 Rxf3  0-1

[Event "5th Open"]
[Site "Dubai UAE"]
[Date "2003.04.21"]
[Round "2"]
[White "Al Sayed,Mohamad"]
[Black "Jobava,Ba"]
[Result "0-1"]
[WhiteElo "2455"]
[BlackElo "2566"]

1.e4 d6 2.d4 Nf6 3.Nc3 e5 4.Nf3 Nbd7 5.Bc4 Be7 6.O-O O-O 7.Re1 h6 8.a4 a5
9.Nh4 exd4 10.Qxd4 Ne5 11.Nf3 c5  0-1

[Event "11th Open"]
[Site "Tarbes FRA"]
[Date "2003.04.21"]
[Round "8"]
[White "Lecoq,J"]
[Black "Garrel,A"]
[Result "1-0"]
[WhiteElo "2040"]
[BlackElo "2153"]

1.e4 d6 2.d4 Nf6 3.Nc3 Nbd7 4.Bc4 e5 5.Nf3 Be7 6.O-O O-O 7.h3 c6 8.a4 Nxe4
9.Nxe4 d5 10.Bb3 dxe4 11.Nxe5 Nxe5 12.dxe5 Qa5 13.Bf4 Be6 14.Bxe6 fxe6 15.Qd7 Rxf4
16.Qxe7 Qxe5 17.Qxb7 Raf8 18.Qxa7 c5 19.Rae1 Qf5 20.Re2 g5 21.Qb7 g4 22.hxg4 Rxg4
23.Qb3 Qf3 24.Qxf3 exf3 25.Rxe6 Rxg2+ 26.Kh1 Rf4 27.Rh6 Rxa4 28.Rh3 Rg5 29.Rg1 Rxg1+
30.Kxg1 Rf4 31.Kf1 Kg7 32.Ke1 Kg6 33.Kd2 h5 34.Ke3 Rc4 35.c3 Ra4  1-0

[Event "Commonwealth Ch"]
[Site "Mumbai IND"]
[Date "2003.04.22"]
[Round "4"]
[White "Krishna,CK"]
[Black "Darban,M"]
[Result "0-1"]
[WhiteElo "2161"]
[BlackElo "2347"]

1.e4 d6 2.d4 Nf6 3.Nc3 c6 4.Be3 b5 5.e5 Ng4 6.Bf4 dxe5 7.dxe5 Qxd1+ 8.Rxd1 g5
9.Bg3 Bg7 10.Nf3 h5 11.Nxg5 h4 12.Bf4 Nxe5 13.Be2 Bf5 14.Nf3 Ng6 15.Be3 Bxc2
16.Rc1 Bf5 17.Nd4 Bd7 18.Ncxb5 cxb5 19.Bf3 Bxd4 20.Bxd4 e5 21.Be3 Nc6 22.Bxc6 Rc8
23.Bxd7+ Kxd7 24.Ke2 Rxc1 25.Rxc1 h3 26.g3 a6 27.f3 f5 28.Rd1+ Ke6 29.Bc5 Rc8
30.Rd6+ Kf7 31.b4 a5 32.a3 axb4 33.axb4 Ra8 34.Rd7+ Ke6 35.Rd6+ Kf7 36.Rd7+ Kf6
37.Ba7 Ke6 38.Rh7 Nf8 39.Rh6+ Kf7 40.Be3 Ra2+ 41.Bd2 Ne6 42.Rh7+ Kf6 43.Rh6+ Ke7
44.Rxh3 Nd4+ 45.Kd3 Nxf3  0-1

[Event "I Regina Prol"]
[Site "Santos BRA"]
[Date "2003.04.23"]
[Round "2"]
[White "Stamenkovic,Dr"]
[Black "Crosa,M"]
[Result "1-0"]
[WhiteElo "2309"]
[BlackElo "2425"]

1.d4 d6 2.e4 Nf6 3.Nc3 c6 4.f3 Nbd7 5.Be3 e5 6.Nge2 Be7 7.Qd2 O-O 8.g4 b5
9.Ng3 exd4 10.Bxd4 b4 11.Nd1 d5 12.g5 Ne8 13.exd5 cxd5 14.h4 Bd6 15.Qf2 Ne5
16.Ne3 f5 17.f4 Ng4 18.Qf3 Nxe3 19.Bxe3 Be6 20.Bd3 Nc7 21.O-O Qd7 22.Rae1 Rfe8
23.Ne2 Bf8 24.h5 Bf7 25.Qh3 d4 26.Bxf5 Qd5 27.Bf2 Bc5 28.Qd3 Qxa2 29.b3 Qa5
30.Bxh7+ Kh8 31.h6 Qb6 32.hxg7+ Kxg7 33.Be4 Rad8 34.Ng3 Ne6 35.Nf5+ Kf8 36.Qh3 Re7
37.Qh8+ Bg8 38.Qh6+ Ke8 39.Nxe7 Bxe7 40.Bg6+ Kd7 41.Bf5 Bc5 42.Re5 Re8 43.Rfe1 Re7
44.Qh8 Bf7 45.Qf6 Qd6 46.Bg4 Bg8 47.f5 d3  1-0

[Event "TS"]
[Site "Belgrade YUG"]
[Date "2003.04.25"]
[Round "7"]
[White "Yeo,M"]
[Black "Popchev,M"]
[Result "0-1"]
[WhiteElo "2251"]
[BlackElo "2450"]

1.e4 d6 2.d4 Nf6 3.Nc3 c6 4.f4 g6 5.Nf3 Bg7 6.Be3 O-O 7.Qd2 b5 8.Bd3 b4 9.Ne2 a5
10.f5 d5 11.exd5 cxd5 12.fxg6 fxg6 13.Bh6 Nc6 14.Bxg7 Kxg7 15.h4 Nh5 16.O-O-O Qd6
17.Rhg1 Bg4 18.Qg5 Bxf3 19.gxf3 Nf4 20.Ng3 Kh8 21.h5 Qf6 22.Qxf6+ Rxf6 23.hxg6 Nxd3+
24.Rxd3 Rxg6 25.Ne2 Rxg1+ 26.Nxg1 Kg7 27.Kd2 Kf6 28.Ke3 Rg8 29.Ne2 e6 30.Rd1 Ne7
31.Rg1 Nf5+ 32.Kd3 Rc8 33.Nf4 Rc4 34.c3 a4 35.Rh1 a3 36.Ne2 axb2 37.cxb4 Rxb4
38.Rb1 h5 39.Kc3 Rb8 40.Rxb2 Rxb2 41.Kxb2 h4 42.Ng1 Nxd4 43.Ka3 Nc6 44.Ka4 d4
45.Kb5 d3 46.Nh3 d2 47.Nf2 h3 48.Ne4+ Ke5  0-1

[Event "Commonwealth Ch"]
[Site "Mumbai IND"]
[Date "2003.04.25"]
[Round "8"]
[White "Siti,Z"]
[Black "Darban,M"]
[Result "1/2-1/2"]
[WhiteElo "2055"]
[BlackElo "2347"]

1.e4 d6 2.d4 Nf6 3.Nc3 c6 4.Nf3 g6 5.Be2 Bg7 6.a4 O-O 7.O-O Nbd7 8.h3 e5
9.dxe5 dxe5 10.Be3 Qe7 11.Qd3 a5 12.Rfd1 Re8 13.Nd2 Nc5 14.Qc4 Bf8 15.Nb3 Nxb3
16.Qxb3 Be6 17.Bc4 Qb4 18.Bxe6 Rxe6 19.f3 Bc5 20.Bxc5 Qxc5+ 21.Kf1 Qb4 22.Rd3 Qxb3
23.cxb3 Kf8 24.Rad1 Ke8 25.Nb1  1/2-1/2

[Event "54th NY Masters"]
[Site "New York USA"]
[Date "2003.04.29"]
[Round "1"]
[White "Esserman,M"]
[Black "Akobian,V"]
[Result "0-1"]
[WhiteElo "2236"]
[BlackElo "2547"]

1.e4 d6 2.d4 Nf6 3.Nc3 c6 4.f4 Qa5 5.Bd3 e5 6.dxe5 dxe5 7.fxe5 Ng4 8.Nf3 Nxe5
9.Nxe5 Qxe5 10.Qf3 Bd6 11.g3 Nd7 12.Bd2 Qe7 13.O-O-O Ne5 14.Qg2 Be6 15.Kb1 O-O
16.Ne2 Rad8 17.Nf4 Bc8 18.Rhf1 Bc5 19.h3 Bd4 20.Ne2 Bb6 21.Bc3 Bc5 22.g4 Bb4
23.Bd4 b6 24.Bxe5 Qxe5 25.Qg3 Bd6 26.Qf3 b5 27.Rg1 a5 28.Ng3 a4 29.a3 Be6
30.Nf5 Bc5 31.Qg3 Qxg3 32.Rxg3 g6 33.Nh6+ Kg7 34.g5 Bd6 35.Rf3 Be5 36.h4 c5
37.c3 Rd7 38.Rdf1 Rb8 39.Bc2 b4 40.axb4 cxb4 41.Bxa4 Ra7 42.b3 bxc3 43.Kc2 Rd8
44.Rd1 Rb8 45.Rdd3 Rab7 46.Rf1 f6 47.Rfd1 fxg5 48.hxg5 Rf8 49.Rd8 Rf2+ 50.Kd3 c2
51.Rc1 Rc7  0-1

[Event "III Mario Covas"]
[Site "Santos BRA"]
[Date "2003.04.30"]
[Round "10"]
[White "Milos,G"]
[Black "Hoffman,A"]
[Result "1-0"]
[WhiteElo "2586"]
[BlackElo "2485"]

1.e4 d6 2.d4 Nf6 3.Nc3 e5 4.Nf3 Nbd7 5.Bc4 Be7 6.O-O O-O 7.Re1 c6 8.a4 b6
9.Bg5 a6 10.d5 c5 11.Rb1 Ne8 12.Be3 g6 13.b4 f5 14.Bh6 Rf7 15.exf5 gxf5 16.Qd2 Qc7
17.b5 a5 18.Ng5 Bxg5 19.Qxg5+ Kh8 20.f4 e4 21.Re3 Ndf6 22.Be2 Ng8 23.Bh5 Rf6
24.Bxe8 Qe7 25.Bc6 Ra7 26.Rh3 Qf7 27.Re1 Re7 28.Rh5 e3 29.Qh4 Rxh6 30.Rxh6 Qg7
31.Rxd6 Qxc3 32.Rd8 Rg7 33.Re2  1-0

[Event "4NCL"]
[Site "Telford ENG"]
[Date "2003.05.03"]
[Round "9"]
[White "Jones,Ri"]
[Black "Curtis,J ENG"]
[Result "1/2-1/2"]
[WhiteElo "2063"]
[BlackElo "2143"]

1.e4 d6 2.d4 Nf6 3.Nc3 e5 4.dxe5 dxe5 5.Qxd8+ Kxd8 6.f4 Bd6 7.Nf3 Nbd7 8.fxe5 Nxe5
9.Bg5 c6 10.O-O-O Kc7 11.Be2 Nxf3 12.gxf3 Nh5 13.Bd3 Nf4 14.Ne2 Nxe2+ 15.Bxe2 Re8
16.Bd3 f6 17.Bd2 Bh3 18.Rhg1 g5 19.Bf1 Bxf1 20.Rdxf1 Bxh2 21.Rh1 Bd6 22.Rxh7+ Re7
23.Rfh1 Re8 24.R7h6 Be5 25.c4 Rd7 26.Rh7 Rd8 27.Kc2 Rxh7 28.Rxh7+ Rd7 29.Rxd7+ Kxd7
30.b3  1/2-1/2

[Event "Riviera IM"]
[Site "Opatija CRO"]
[Date "2003.05.04"]
[Round "5"]
[White "Zelenika,S"]
[Black "Biti,O"]
[Result "1/2-1/2"]
[WhiteElo "2354"]
[BlackElo "2356"]

1.e4 d6 2.d4 Nf6 3.Nc3 e5 4.Nf3 Nbd7 5.Bc4 Be7 6.O-O O-O 7.Re1 Nb6 8.Bf1 exd4
9.Nxd4 c5 10.Nde2 Re8 11.Nf4 a6 12.a4 Rb8 13.b3 Bf8 14.a5 Na8 15.Nfd5 Nxd5
16.Nxd5 Nc7 17.Bc4 Nxd5 18.Bxd5 Be6 19.Bb2 Qd7 20.Qd3 Bxd5 21.Qxd5 Qe6 22.Qd2 Qg6
23.f3 Rbc8 24.c4 Rc6  1/2-1/2

[Event "Riviera IM"]
[Site "Opatija CRO"]
[Date "2003.05.05"]
[Round "7"]
[White "Osolin,B"]
[Black "Biti,O"]
[Result "0-1"]
[WhiteElo "2142"]
[BlackElo "2356"]

1.e4 d6 2.d4 Nf6 3.Nc3 e5 4.Nf3 Nbd7 5.Bc4 Be7 6.O-O O-O 7.dxe5 dxe5 8.Qe2 c6
9.a4 a5 10.Rd1 Qc7 11.Bg5 Nc5 12.Nh4 h6 13.Bxf6 Bxf6 14.Qh5 Bxh4 15.Qxh4 Be6
16.Be2 Qb6 17.Qg3 f6 18.Qe3 Rad8 19.b3 Qb4 20.Bf3 Bf7 21.Na2 Qb6 22.Nc3 Nd7
23.Qxb6 Nxb6 24.Rxd8 Rxd8 25.Rd1 Rd4 26.Kf1 Kf8 27.Ke1 Ke7 28.Ne2 Rxd1+ 29.Kxd1 Kd6
30.Nc1 Nd7 31.Kd2 Nc5 32.Nd3 b5 33.Nxc5 Kxc5 34.Kc3 Bg6 35.g3 Bf7 36.Bg4 Be8
37.Be2 Bd7 38.Bh5 Bc8 39.Bf7 Ba6 40.Be8 Bc8 41.Bh5 Bh3 42.Bf7 Bf1 43.Be8 Bg2
44.Bg6 Bf3 45.Bf5 Bh5 46.Bh3 Bg6 47.Bg2 f5 48.exf5 Bxf5 49.Bf3 e4 50.Bh5 b4+
51.Kd2 Kd4 52.Bf7 Bc8 53.Bc4 Bb7 54.Ke2 Kc3 55.Ke3 c5 56.Kf4 Kxc2 57.h4 Kc3
58.Ke5 Bc6 59.Bb5 Kxb3 60.Bxc6 c4 61.Bd5 Kc3 62.Bxe4 Kd2  0-1

[Event "4NCL"]
[Site "Telford ENG"]
[Date "2003.05.05"]
[Round "11"]
[White "Mack,A"]
[Black "Curtis,J ENG"]
[Result "1/2-1/2"]
[WhiteElo "2272"]
[BlackElo "2143"]

1.e4 d6 2.d4 Nf6 3.Nc3 e5 4.Nf3 Nbd7 5.Bc4 Be7 6.O-O O-O 7.a4 a5 8.Re1 c6
9.Qe2 Qe8 10.Bb3 Bd8 11.h3 Bb6 12.dxe5  1/2-1/2

[Event "National I"]
[Site "Clermont-Ferrand FRA"]
[Date "2003.05.08"]
[Round "8"]
[White "Bernard,Ja"]
[Black "Mohebbi,J"]
[Result "0-1"]
[WhiteElo "2211"]
[BlackElo "2279"]

1.e4 d6 2.d4 Nf6 3.Nc3 e5 4.dxe5 dxe5 5.Qxd8+ Kxd8 6.Bc4 Be6 7.Bxe6 fxe6
8.f3 Bc5 9.Nh3 a6 10.Nf2 Nc6 11.Nd3 Bd4 12.Bd2 Ke7 13.Nd1 Rhd8 14.Ne3 Rd7
15.O-O-O b5 16.Rhe1 Rad8 17.Nf1 h6 18.Be3 Rd6 19.Bxd4 Nxd4 20.Ne3 Nd7 21.Ng4 h5
22.Ne3 c5 23.c3 Nc6 24.Nf2 Rxd1+ 25.Rxd1 c4 26.Kc2 Rf8 27.a4 Nc5 28.axb5 axb5
29.Ra1 Rd8 30.Nf1 g6 31.h4 Kf6 32.Rd1 Rc8 33.Ne3 Ke7 34.Ra1 Nb3 35.Ra6 Rd8
36.Nf1 Kd7 37.Nd2 Kc7 38.Nxb3 cxb3+ 39.Kc1 b4 40.Ra4 bxc3 41.bxc3 b2+ 42.Kb1 Rd2
43.Nh3 Rxg2 44.Ng5 Rh2 45.Nxe6+ Kd6 46.Nf8 Rxh4 47.Nxg6 Rh2 48.f4 exf4 49.Nxf4 h4
50.Ra6 Kd7 51.Rb6 Rf2 52.Nh5 h3 53.Rxb2 Rg2 54.Nf4 Rxb2+  0-1

[Event "Capablanca Mem Premier II"]
[Site "Havana CUB"]
[Date "2003.05.08"]
[Round "3"]
[White "De la Paz,F"]
[Black "Pecorelli Garcia,H"]
[Result "1-0"]
[WhiteElo "2449"]
[BlackElo "2450"]

1.e4 d6 2.d4 Nf6 3.Nc3 e5 4.Nf3 Nbd7 5.Bc4 Be7 6.O-O O-O 7.Re1 c6 8.a4 a5
9.b3 exd4 10.Nxd4 Nb6 11.Bf1 d5 12.e5 Ne8 13.Qh5 g6 14.Qh6 Ng7 15.Bd3 c5
16.Nf3 Ne6 17.Rd1 Bd7 18.Bf1 Bc6 19.Ne4 dxe4 20.Rxd8 Raxd8 21.Ng5 Nxg5 22.Bxg5 Bxg5
23.Qxg5 Rd5 24.Qe7 Re8 25.Qc7 Nd7 26.Bc4 Rd2 27.Qxa5 e3 28.e6 fxe6 29.f3 Ne5
30.Qxc5 Nxc4 31.Qxc4 Bd7 32.Qe4 Bc6 33.Qxe3 Rxc2 34.b4 Bd5 35.Rd1 Rec8 36.h4 R8c7
37.b5 Kg7 38.a5 Rf7 39.Qe5+ Kg8 40.Ra1 Rc8 41.Ra4 Ra8 42.Qc3 Rf5 43.Rg4 Raf8
44.Qc7 R8f7 45.Qc2 Kg7 46.Kh2 Rf8 47.Rb4 R5f7 48.Rd4 Kg8 49.Rd3 Rf4 50.Kg3 R4f7
51.Rc3 Kg7 52.b6 h6 53.Rc7 h5 54.Qc3+ Kg8 55.Qc2 Kg7 56.a6 bxa6 57.b7 Bxb7
58.Qb2+ Kg8 59.Qxb7 Rxc7 60.Qxc7 Rf5 61.Qc8+ Kf7 62.Qxa6 g5 63.Qb7+ Kf6 64.Qh7  1-0

[Event "National I"]
[Site "Clermont-Ferrand FRA"]
[Date "2003.05.09"]
[Round "9"]
[White "Brochet,P"]
[Black "Besson,B"]
[Result "1/2-1/2"]
[WhiteElo "2392"]
[BlackElo "2142"]

1.e4 d6 2.d4 Nf6 3.Nc3 Nbd7 4.f4 e5 5.Nf3 exd4 6.Qxd4 c6 7.Be3 d5 8.exd5 Bc5
9.Qd3 Qe7 10.Nd4 Nb6 11.dxc6 bxc6 12.Be2 Nbd5 13.Nxd5 Nxd5 14.Nxc6 Qxe3 15.Qxd5 Bb7
16.Rf1 O-O 17.Rf3 Qg1+ 18.Rf1 Bxc6 19.Qxc6 Bf2+ 20.Kd2 Be3+ 21.Ke1 Bf2+ 22.Kd2 Be3+
23.Ke1  1/2-1/2

[Event "National I"]
[Site "Clermont-Ferrand FRA"]
[Date "2003.05.09"]
[Round "9"]
[White "Delorme,Al"]
[Black "Mensch,E"]
[Result "1/2-1/2"]
[WhiteElo "2195"]
[BlackElo "2337"]

1.e4 d6 2.d4 Nf6 3.Nc3 Nbd7 4.Nf3 e5 5.Bc4 Be7 6.O-O O-O 7.Re1 c6 8.a4 b6
9.d5 c5 10.h3 a6 11.Qd3 Ne8 12.Ne2 g6 13.g4 Ng7 14.Ng3 Kh8 15.Kg2 Nf6 16.Nh2 Ng8
17.f4 exf4 18.Bxf4 f5 19.gxf5 gxf5 20.e5 dxe5 21.Bxe5 Bf6 22.Nf3 Bxe5 23.Rxe5 Qd6
24.Rae1 Nf6 25.Qc3 Bd7 26.Re7 b5 27.Ne5 bxc4 28.Nxd7 Rae8 29.Rxe8 Rxe8 30.Rxe8+ Nfxe8
31.Ne5 Qxd5+ 32.Kh2 Nd6 33.Nh5 Nde8 34.Nf4 Qd4 35.Qxd4 cxd4 36.Nxc4 Nc7 37.Nd6 Kg8
38.b4 Kf8 39.Ne2 Ke7 40.Nc8+ Kd7 41.Na7 Nge6 42.b5 axb5 43.axb5 Kd6 44.b6 Na6
45.b7 Kc5 46.Nc8 f4 47.Kg2 Kc6 48.Kf3 Kxb7 49.Nd6+ Kc6 50.Nf5 Kd5 51.Nxf4+ Nxf4
52.Kxf4 Nb4 53.Kg5 Nxc2 54.Nxd4 Nxd4  1/2-1/2

[Event "Capablanca Mem Mixto"]
[Site "Havana CUB"]
[Date "2003.05.09"]
[Round "4"]
[White "Collazo,N"]
[Black "Arribas,M"]
[Result "0-1"]
[WhiteElo "2204"]
[BlackElo "2352"]

1.e4 d6 2.d4 Nf6 3.Nc3 c6 4.h3 Nbd7 5.Nf3 e5 6.a4 Be7 7.a5 O-O 8.dxe5 dxe5
9.Bc4 Bb4 10.Qe2 Bxa5 11.O-O Bb6 12.Rd1 Qe7 13.b3 Bc5 14.Na4 Bd6 15.Qd3 Bb4
16.c3 Nc5 17.Nxc5 Bxc5 18.b4 Bb6 19.Qe2 h6 20.Be3 Bxe3 21.Qxe3 b6 22.Nh4 Kh7
23.Nf5 Bxf5 24.exf5 Rfe8 25.Qe2 Qc7 26.Ra2 Re7 27.Rad2 a5 28.g4 axb4 29.cxb4 e4
30.Qe3 b5 31.Ba2 Qa7 32.Rc1 Nd7 33.Kg2 Qxe3 34.fxe3 Ne5 35.Bb3 Ra3 36.Rc3 c5
37.Rxc5 Rxb3 38.Rxb5 Nd3  0-1

[Event "National I"]
[Site "Clermont-Ferrand FRA"]
[Date "2003.05.10"]
[Round "10"]
[White "Joanovits,M"]
[Black "Franc,N"]
[Result "1/2-1/2"]
[WhiteElo "2065"]
[BlackElo "2098"]

1.e4 d6 2.d4 Nf6 3.Nc3 Nbd7 4.Nf3 e5 5.Be2 Be7 6.O-O O-O 7.h3 c6 8.a4 b6
9.Be3 a6 10.Bd3 Bb7 11.Qe2 b5 12.axb5 axb5 13.dxe5 Nxe5 14.Nxe5 dxe5 15.Bg5 h6
16.Bd2 Qc7 17.Rxa8 Rxa8 18.f4 Bd6 19.fxe5 Bxe5 20.Kh1 b4 21.Nd1 c5 22.b3 Qc6
23.Rf5 Qd6 24.Rf1 Re8 25.Nf2 Bg3 26.Qf3 Re7 27.Re1 Bxf2 28.Qxf2 Nxe4 29.Bxe4 Rxe4
30.Rxe4 Bxe4 31.Be3 Qd1+ 32.Kh2 c4 33.bxc4 Qxc2 34.Qxc2 Bxc2 35.Kg3 b3 36.Bd4 Be4
37.Kf2 f5 38.h4 g5 39.hxg5 hxg5 40.g3 Kf7 41.Ke3 g4 42.Kd2 Ke6 43.Kc3 Bc2
44.Be3 Kd6 45.Bf4+ Kc6 46.Be5 Kb6 47.Bd6 Ka5 48.Kb2 Ka4 49.c5 Be4 50.Be5 Kb4
51.Bd6 Bd5 52.c6+ Kc4 53.c7 Bb7 54.Be5 Bc8  1/2-1/2

[Event "FSGM May"]
[Site "Budapest HUN"]
[Date "2003.05.12"]
[Round "10"]
[White "Chernyshov,K"]
[Black "Biro,S"]
[Result "1-0"]
[WhiteElo "2524"]
[BlackElo "2334"]

1.e4 d6 2.d4 Nf6 3.Nc3 e5 4.dxe5 dxe5 5.Qxd8+ Kxd8 6.Bg5 c6 7.O-O-O+ Ke8
8.Nf3 Nbd7 9.Bh4 Bb4 10.Bc4 Ba5 11.Rhe1 Bc7 12.a4 h6 13.Re2 g5 14.Bg3 Nh5
15.Red2 Rh7 16.b4 Nxg3 17.hxg3 Nf6 18.Rh1 Ke7 19.Kb2 Bd7 20.Kb3 Rd8 21.a5 Rhh8
22.Rhd1 Bg4 23.Rxd8 Bxd8 24.Rd3 Bc7 25.Nd2 Bc8 26.Nf1 h5 27.f3 Ne8 28.Kb2 Nd6
29.Bb3 h4 30.g4 b6 31.Ne3 Ba6 32.b5 Nxb5 33.Nf5+ Ke8 34.Nxb5 Bxb5 35.Bxf7+ Kxf7
36.Rd7+ Kf6 37.Rxc7 Bf1 38.Rxc6+ Kf7 39.Rc7+ Kf6 40.Rc6+ Kf7 41.f4 exf4 42.Rc7+ Kg6
43.e5 Rh7 44.Rc6+ Kf7 45.e6+ Kf6 46.e7+ Kf7 47.Rf6+  1-0

[Event "Capablanca Mem Premier II"]
[Site "Havana CUB"]
[Date "2003.05.13"]
[Round "8"]
[White "De la Paz,F"]
[Black "Hernandez,Hol"]
[Result "0-1"]
[WhiteElo "2449"]
[BlackElo "2413"]

1.e4 d6 2.d4 Nf6 3.Nc3 e5 4.dxe5 dxe5 5.Qxd8+ Kxd8 6.Bg5 Be6 7.O-O-O+ Nd7
8.f4 exf4 9.Nf3 h6 10.Bxf4 c6 11.Nd4 Bb4 12.e5 Bxc3 13.exf6 Bxd4 14.Rxd4 gxf6
15.Be2 Ke8 16.Rf1 h5 17.Bg3 Rh6 18.Rh4 Ke7 19.Rxh5 Rxh5 20.Bxh5 Rh8 21.Be2 Ne5
22.Re1 Bd5 23.Bf1 b5 24.h3 Ke6 25.Bf4 Kf5 26.Be3 Kg6 27.b3 Re8 28.Bxa7 Ra8
29.Bd4 Rxa2 30.Kb1 Ra8 31.Bxe5 fxe5 32.Rxe5 Kf6 33.Re2 Rg8 34.Rf2+ Ke5 35.g4 Kd4
36.Kc1 Kc3 37.Rd2 Be4 38.Re2 f5 39.Bg2 Ra8 40.Kb1 Bxg2 41.Rxg2 f4 42.g5 Kd4
43.g6 f3 44.Rg5 Ke4 45.Rg4+ Ke3 46.Rg5 f2 47.Rf5 Rg8 48.Rf6 Ke2  0-1

[Event "28th Keres Mem"]
[Site "Vancouver CAN"]
[Date "2003.05.16"]
[Round "1"]
[White "Orlov,G"]
[Black "Franett,M"]
[Result "1-0"]
[WhiteElo "2508"]
[BlackElo "2122"]

1.e4 d6 2.d4 Nf6 3.Nc3 e5 4.Nf3 Nbd7 5.g3 Be7 6.Bg2 O-O 7.O-O c6 8.a4 a5
9.h3 Qc7 10.Be3 Re8 11.Nd2 Bf8 12.f4 b6 13.g4 exf4 14.Bxf4 Ba6 15.Rf2 Re7
16.Qf3 Ne8 17.Bf1 Qb7 18.Nc4 Bxc4 19.Bxc4 Nb8 20.Bg5  1-0

[Event "28th Keres Mem"]
[Site "Vancouver CAN"]
[Date "2003.05.17"]
[Round "3"]
[White "Poitras,L"]
[Black "Franett,M"]
[Result "1/2-1/2"]
[WhiteElo "2126"]
[BlackElo "2122"]

1.e4 d6 2.d4 Nf6 3.Nc3 e5 4.dxe5 dxe5 5.Qxd8+ Kxd8 6.Bg5 Be6 7.O-O-O+ Nd7
8.h3 Bd6 9.g3 h6 10.Be3 g5 11.f3 Ke7 12.h4 Rhg8 13.hxg5 hxg5 14.Kb1 a6 15.Nge2 b5
16.Nc1 Bc5 17.Bd2 g4 18.f4 exf4 19.Bxf4 Bd6 20.Bg2 Ne5 21.Nd3 Nfd7 22.Rh5 Nxd3
23.cxd3 Raf8 24.d4 f6 25.Rdh1 Kd8 26.Nd1 Bf7 27.R5h4 Be7 28.Rh6 Re8 29.Nf2 Bf8
30.R6h4 f5 31.Rc1 c5 32.dxc5 Nxc5 33.Rhh1 Nxe4 34.Rhd1+ Ke7 35.Nxe4 fxe4
36.Bxe4 Kf6 37.Rc6+ Re6 38.Rdc1 Bg6 39.Bg5+ Ke5 40.Bf4+ Kf6  1/2-1/2